[Event "Barcelona Sant Marti op-A 14th"]
[Site "Barcelona"]
[Date "2012.07.21"]
[Round "9"]
[White "Espinoza Palomino, Willyam"]
[Black "Ezquerro Luque, Albert"]
[Result "1-0"]
[WhiteElo "2296"]
[BlackElo "2041"]
[PlyCount "49"]
[EventDate "2012.07.13"]
[EventType "swiss"]
[EventRounds "9"]
[EventCountry "ESP"]
[SourceTitle "CBM 149 Extra"]
[Source "ChessBase"]
[SourceDate "2012.08.24"]
[SourceVersion "1"]
[SourceVersionDate "2012.08.24"]
[SourceQuality "1"]

1. e4 e5 2. Nf3 Nc6 3. Bb5 g6 4. d4 exd4 5. Bg5 f6 6. Bh4 Bb4+ 7. Nbd2 Nh6 8. Qe2 g5 9. Bg3 Nf7 10. 0-0-0 h5 11. h3 Nce5 12. Nxd4 c6 13. Bc4 d6 14. N2b3 Qe7 15. a3 Bc5 16. Nxc5 dxc5 17. Nf5 Bxf5 18. exf5 Nxc4 19. Qxc4 0-0 20. Bd6 Qd8 21. Bxf8 Qxf8 22. Rd7 Rd8 23. Rhd1 Rxd7 24. Rxd7 Qe8 25. Qe6 1-0

[Event "Barcelona Sant Marti op-A 14th"]
[Site "Barcelona"]
[Date "2012.07.20"]
[Round "8"]
[White "Ezquerro Luque, Albert"]
[Black "Ruiz Molina, Gabriel"]
[Result "1-0"]
[WhiteElo "2041"]
[BlackElo "1945"]
[PlyCount "83"]
[EventDate "2012.07.13"]
[EventType "swiss"]
[EventRounds "9"]
[EventCountry "ESP"]
[SourceTitle "CBM 149 Extra"]
[Source "ChessBase"]
[SourceDate "2012.08.24"]
[SourceVersion "1"]
[SourceVersionDate "2012.08.24"]
[SourceQuality "1"]

1. e4 e6 2. Nc3 d5 3. g3 dxe4 4. Nxe4 Bd7 5. d4 Bc6 6. f3 Nd7 7. c3 h5 8. h3 Nh6 9. Bd3 Qe7 10. Ne2 0-0-0 11. Be3 Nf5 12. Bf2 g5 13. b4 Nd6 14. Be3 f6 15. Qb3 Bg7 16. b5 Bxe4 17. fxe4 e5 18. d5 f5 19. Qa3 fxe4 20. Bxe4 Rde8 21. Bg2 b6 22. Qxa7 e4 23. Qa6+ Kd8 24. Qa8+ Nc8 25. 0-0 Rhf8 26. a4 h4 27. gxh4 gxh4 28. Nf4 Nc5 29. Ne6+ Nxe6 30. dxe6 Qxe6 31. Rad1+ Ke7 32. Bg5+ Bf6 33. Rxf6 Rxf6 34. Rf1 Ref8 35. Bxh4 e3 36. Qb7 Kd8 37. Rd1+ Nd6 38. Qb8+ Qc8 39. Rxd6+ cxd6 40. Qxd6+ Qd7 41. Qxf8+ Kc7 42. Qxf6 1-0

[Event "Barcelona Sant Marti op-A 14th"]
[Site "Barcelona"]
[Date "2012.07.19"]
[Round "7"]
[White "Ortega Serra, Marc"]
[Black "Ezquerro Luque, Albert"]
[Result "1-0"]
[WhiteElo "2223"]
[BlackElo "2041"]
[PlyCount "81"]
[EventDate "2012.07.13"]
[EventType "swiss"]
[EventRounds "9"]
[EventCountry "ESP"]
[SourceTitle "CBM 149 Extra"]
[Source "ChessBase"]
[SourceDate "2012.08.24"]
[SourceVersion "1"]
[SourceVersionDate "2012.08.24"]
[SourceQuality "1"]

1. d4 d6 2. e4 g6 3. Be2 Bg7 4. h4 Nd7 5. h5 e5 6. Be3 exd4 7. Bxd4 Bxd4 8. Qxd4 Qf6 9. Nf3 Ne5 10. Nxe5 Qxe5 11. Qxe5+ dxe5 12. hxg6 fxg6 13. Nd2 Nf6 14. 0-0-0 Be6 15. g4 Rd8 16. g5 Nd7 17. Rh6 0-0 18. Rdh1 Rf7 19. Nc4 Re8 20. Ne3 Ree7 21. f3 c6 22. a4 b6 23. b3 Kf8 24. Rd1 Nc5 25. Rd6 Bd7 26. Nc4 Nb7 27. Rxd7 Rxd7 28. Nxe5 Nd8 29. Bc4 Rfe7 30. Nxd7+ Rxd7 31. Rh2 Nb7 32. Rd2 Re7 33. Rd1 Kg7 34. Kd2 h6 35. gxh6+ Kxh6 36. Ke3 g5 37. Ba6 Nc5 38. Bc8 Rc7 39. Bf5 g4 40. Rh1+ Kg5 41. f4+ 1-0

[Event "Catalunya-ch U18"]
[Site "Vila Seca"]
[Date "2012.04.01"]
[Round "3"]
[White "Panella Navarro, Sergi"]
[Black "Ezquerro Luque, Albert"]
[Result "1-0"]
[WhiteElo "2122"]
[BlackElo "2047"]
[PlyCount "77"]
[EventDate "2012.03.31"]
[EventType "swiss"]
[EventRounds "9"]
[EventCountry "ESP"]
[SourceTitle "EXT 2015"]
[Source "ChessBase"]
[SourceDate "2014.11.20"]
[SourceVersion "1"]
[SourceVersionDate "2014.11.20"]
[SourceQuality "1"]

1. e4 g6 2. d4 Bg7 3. Nf3 d6 4. Nc3 a6 5. a4 b6 6. Bc4 e6 7. 0-0 Ne7 8. Qe2 Nd7 9. Be3 Bb7 10. Rad1 0-0 11. Rfe1 Nf6 12. Bg5 h6 13. Bc1 d5 14. Bd3 Qc8 15. exd5 Nfxd5 16. Ne4 Nf5 17. c3 Nd6 18. Ne5 Nxe4 19. Bxe4 Ne7 20. Bb1 Nf5 21. Qg4 Kh7 22. Qh3 Qd8 23. d5 Qf6 24. Nd7 Qe7 25. Nxf8+ Rxf8 26. Bxf5 gxf5 27. Qxf5+ Kh8 28. dxe6 fxe6 29. Rxe6 Qh4 30. Qc2 Bxg2 31. Rd7 Bh3 32. Rxg7 Bf5 33. Qxf5 Rxf5 34. Rxh6+ Qxh6 35. Bxh6 Rf6 36. Bg5 Rf5 37. Rg6 Kh7 38. Rh6+ Kg7 39. h4 1-0

[Event "Catalunya-ch U20"]
[Site "Vila Seca"]
[Date "2011.04.24"]
[Round "8"]
[White "Julian Ortin, Eva"]
[Black "Ezquerro Luque, Albert"]
[Result "0-1"]
[WhiteElo "1745"]
[BlackElo "2055"]
[PlyCount "102"]
[EventDate "2011.04.20"]
[EventType "swiss"]
[EventRounds "8"]
[EventCountry "ESP"]
[SourceTitle "EXT 2012"]
[Source "ChessBase"]
[SourceDate "2011.11.24"]
[SourceVersion "1"]
[SourceVersionDate "2011.11.24"]
[SourceQuality "1"]

1. d4 g6 2. c4 Bg7 3. e4 d6 4. Nc3 Nd7 5. f4 e5 6. fxe5 dxe5 7. d5 Ne7 8. h4 Nf6 9. Nf3 Nh5 10. Be3 Ng3 11. Rg1 f5 12. Bd3 fxe4 13. Nxe4 Nef5 14. Bg5 Qd7 15. Nf6+ Bxf6 16. Bxf6 0-0 17. Bxe5 Re8 18. Bxf5 Qxf5 19. Qd2 Rxe5+ 20. Nxe5 Qxe5+ 21. Kd1 Qh5+ 22. Kc2 Qxh4 23. b3 Bf5+ 24. Kb2 Qf6+ 25. Ka3 Ne4 26. Qf4 Qe7+ 27. Kb2 h5 28. Rae1 Qf6+ 29. Ka3 Qe7+ 30. Kb2 Re8 31. Re2 c6 32. Rd1 Rd8 33. d6 Qf6+ 34. Ka3 Rxd6 35. Rde1 Re6 36. g4 hxg4 37. Rh1 g3 38. Re3 a5 39. Rd1 Rd6 40. Rde1 Rd2 41. Qb8+ Qf8+ 42. Qxf8+ Kxf8 43. Rxe4 Bxe4 44. Rxe4 g2 45. Rg4 Kf7 46. b4 axb4+ 47. Kxb4 Rxa2 48. Kc5 Kf6 49. Kb6 Rb2+ 50. Kc5 Kf5 51. Rg3 g5 0-1

[Event "Catalunya-ch U20"]
[Site "Vila Seca"]
[Date "2011.04.22"]
[Round "4"]
[White "Fernandez Aguilar, Francisco"]
[Black "Ezquerro Luque, Albert"]
[Result "1-0"]
[WhiteElo "1924"]
[BlackElo "2055"]
[PlyCount "29"]
[EventDate "2011.04.20"]
[EventType "swiss"]
[EventRounds "8"]
[EventCountry "ESP"]
[SourceTitle "EXT 2012"]
[Source "ChessBase"]
[SourceDate "2011.11.24"]
[SourceVersion "1"]
[SourceVersionDate "2011.11.24"]
[SourceQuality "1"]

1. e4 e5 2. Nf3 Nc6 3. Nc3 g6 4. d4 Bg7 5. d5 Nb8 6. d6 a6 7. Nd5 cxd6 8. Be3 Kf8 9. Nb6 d5 10. Qxd5 Ne7 11. Qd6 Nbc6 12. Nxa8 Qa5+ 13. c3 b5 14. Bb6 Qa4 15. Bd3 1-0

[Event "Barbera del Valles op 33th"]
[Site "Barbera del Valles"]
[Date "2010.07.12"]
[Round "9"]
[White "Ezquerro Luque, Albert"]
[Black "Capellades Subirana, Marc"]
[Result "1-0"]
[WhiteElo "1960"]
[BlackElo "2254"]
[PlyCount "119"]
[EventDate "2010.07.04"]
[EventType "swiss"]
[EventRounds "9"]
[EventCountry "ESP"]
[SourceTitle "CBM 137 Extra"]
[Source "ChessBase"]
[SourceDate "2010.09.01"]
[SourceVersion "1"]
[SourceVersionDate "2010.09.01"]
[SourceQuality "1"]

1. e4 e5 2. Nf3 Nc6 3. Bc4 Bc5 4. d3 Nf6 5. Nc3 d6 6. Be3 Bb6 7. Qd2 Be6 8. Bb3 Nd4 9. Bxd4 exd4 10. Na4 c5 11. Nxb6 axb6 12. 0-0 d5 13. exd5 Nxd5 14. Ng5 0-0 15. Nxe6 fxe6 16. Rae1 Rf6 17. Re5 Qd6 18. Rfe1 Raf8 19. Bxd5 exd5 20. f3 h6 21. Qe2 Qc6 22. Re6 Qc7 23. Qe5 Rxe6 24. Qxe6+ Qf7 25. Kf2 b5 26. a3 c4 27. Qxf7+ Kxf7 28. dxc4 Rc8 29. Re5 Rxc4 30. Rxd5 Rxc2+ 31. Kg3 Rxb2 32. Rxd4 Ke6 33. Re4+ Kf6 34. Rf4+ Ke6 35. Re4+ Kf6 36. Re8 Rb3 37. Rb8 Rxa3 38. Rxb7 Rb3 39. Rb6+ Kf7 40. h4 Rb4 41. h5 Kg8 42. Rb7 Kf8 43. Kh3 Kg8 44. Kg3 Kf8 45. f4 Rb2 46. Kf3 Kg8 47. g4 Rb4 48. g5 hxg5 49. fxg5 Kf8 50. Kg3 Kg8 51. g6 Kf8 52. Rb8+ Ke7 53. h6 Rb3+ 54. Kf2 Rb2+ 55. Ke3 Rb3+ 56. Kd2 gxh6 57. g7 Rg3 58. g8Q Rxg8 59. Rxg8 Kf6 60. Ke3 1-0